Múzejníctvo v slovenskej historiografii v rokoch 1945 - 1968 (Pokus o náčrt)

Bibliographic Details
Main Author: Havrila, Marek, 1976- (Author)
Format: Article
Language:Slovak

MARC

LEADER 00000nab a2200000uu 4500
001 vtls011494549
003 SK-MaSNL
005 20260304233532.0
008 230121|2006 xo |||||||||||||||||slo|
015 |a SNBRB 
035 |a (urnnbn)urn:nbn:sk:snk:ar-a09ssi 
035 |a (uuid)3e2822e3-85b0-4565-ae61-a6385cc8d090 
035 |a urn:nbn:sk:snk-abdisp 
040 |a SNKBUCL  |b slo  |c SNKBUCL  |e AACR2 
041 0 |a slo 
044 |a xo  |c SK 
100 1 |a Havrila, Marek,  |d 1976-  |4 aut  |9 263878 
245 1 0 |a Múzejníctvo v slovenskej historiografii v rokoch 1945 - 1968  |b (Pokus o náčrt)  |c Marek Havrila 
246 3 |a The administration of museums in Slovak historiography in 1945 - 1968 
773 0 |t Annales historici Presovienses  |g Roč. 6, č. 1 (2006), s. 277-298 
954 |a odborná, vedecká literatúra pôvodná (slovenská)  |2 lita 
958 |a OND 
958 |a EUIPO 
958 |a article18 
999 |c 3199040  |d 3200970